书目信息 |
| 题名: |
艺术创作与审美心理
|
|
| 作者: | 童庆炳 著 | |
| 分册: | ||
| 出版信息: | 天津 百花文艺出版社 1992.02 |
|
| 页数: | 326页 | |
| 开本: | 32开 | |
| 丛书名: | ||
| 单 册: | ||
| 中图分类: | J0-05 | |
| 科图分类: | ||
| 主题词: | 艺术理论 | |
| 电子资源: | ||
| ISBN: | 7-5306-0568-2 | |
| 000 | 00556nam0 2200193 45 | |
| 001 | 0011082090 | |
| 005 | 20001108202225.6 | |
| 010 | @a7-5306-0568-2@d16.50元 | |
| 100 | @a20001108d1992 km y0chiy0120 ea | |
| 101 | 0 | @achi |
| 105 | @a z 000yy | |
| 200 | 1 | @a艺术创作与审美心理@AYi Shu Chuang Zuo Yu Shen Mei Xin Li@f童庆炳著@FTong Qing Bing Zhu |
| 210 | @a天津@c百花文艺出版社@d1992.02 | |
| 215 | @a326页@d32开 | |
| 606 | 0 | @a艺术理论 |
| 690 | @aJ0-05@v3 | |
| 701 | 0 | @a童庆炳@4著 |
| 801 | @aCN@bPftUser@c20001108 | |
| 905 | @b213368-377@dJ0-05@eT068@f10 | |
| 艺术创作与审美心理/童庆炳著.-天津:百花文艺出版社,1992.02 |
| 326页;32开 |
| ISBN 7-5306-0568-2:16.50元 |
| ● |
| 相关链接 |
|
|
|
正题名:艺术创作与审美心理
索取号:J0-05/T068
 
预约/预借
| 序号 | 登录号 | 条形码 | 馆藏地/架位号 | 状态 | 备注 |
| 1 | 213368 | 202133681 | 社科库309/400B社科库 11排1列3层/ [索取号:J0-05/T068] | 在馆 | |
| 2 | 213369 | 202133690 | 社科库309/400B社科库 14排2列1层/ [索取号:J0-05/T068] | 在馆 | |
| 3 | 213370 | 202133707 | 社科库309/309社科库 61排3列1层/ [索取号:J0-05/T068] | 在馆 | |
| 4 | 213371 | 202133716 | 社科库309/400B社科库 14排2列1层/ [索取号:J0-05/T068] | 在馆 | |
| 5 | 213372 | 202133725 | 社科库309/309社科库 61排3列1层/ [索取号:J0-05/T068] | 在馆 | |
| 6 | 213373 | 202133734 | 社科二线400B/309社科库 61排3列3层/ [索取号:J0-05/T068] | 在馆 | |
| 7 | 213374 | 202133743 | 社科库309/400B社科库 14排3列1层/ [索取号:J0-05/T068] | 在馆 | |
| 8 | 213375 | 202133752 | 社科库309/400B社科库 10排4列3层/ [索取号:J0-05/T068] | 在馆 | |
| 9 | 213376 | 202133761 | 社科库309/309社科库 61排3列1层/ [索取号:J0-05/T068] | 在馆 | |
| 10 | 213377 | 202133770 | 社科库309/400B社科库 14排2列1层/ [索取号:J0-05/T068] | 在馆 |